000 00691nam a22001937a 4500
999 _c172310
_d172310
005 20200131125201.0
010 _aB-122879
020 _a8182231159
_c115.00
035 _aB-122879
037 _bBPPD/Pub.
082 _a842
100 _aسعادت حسن منٹو
245 _aآو: کولیات منٹو ڑرامے ، جلد 1 /
_cسعادت حسن منٹو
246 _aAao: Kulliyat-e-Manto-Drame, vol.1 /
_bby Saadat Hasan Manto ; edited by Humayun Ashraf
260 _aDelhi
_bEducational Publishing House
_c2005 ء
270 _a3108, Vakil Street, Kucha Pandit, Lal Kuan
_bDelhi
_e110006
300 _a96p.
_c21cm(Hb)
942 _2ddc
_cUR
_h842
_mم ن ٹ